000
00246nam a2200109Ia 4500
008
210430s9999 xx 000 0 und d
082
_a
657.0285 M2661C
245
_a
CAT Interactive Text
260
_c
2007
300
_a
404p.
942
_c
BK
_2
ddc
999
_c
565549
_d
565549